000 00844cab a2200265 4500
001 WB2810-45
008 090401t1992 xxu||||| |||| 00| 0 eng d
035 _a(Sirsi) u49828
041 _aeng
245 _aSurveyors face law over mundic homes
260 _c1992
350 _a0
490 _aWestern Morning News
_v29 February 1992, 3(1)
520 _aFirms of chartered surveyors in the West Country may face legal action by former clients whose potentially defective mundic blighted homes have been blacklisted by mortgage lenders.
650 _aALKALI SILICA REACTION
650 _aCORNWALL
650 _aDEVON
650 _aMUNDIC BLOCK
650 _aNEGLIGENCE
650 _aValuation
_96273
650 _aVALUERS
690 _aMANAGEMENT-BUSINESS MANAGEMENT-PROFESSIONAL PRACTICE
942 _n0
948 _c04/03/1997
999 _c31203
_d31203